|
|
|
|
| LEADER |
00000nab a2200000 a 4500 |
| 001 |
vtls001006880 |
| 003 |
SK-MaSNL |
| 005 |
20260305005811.0 |
| 008 |
040720e19950810xo 0 slo |
| 035 |
|
|
|a RV7480
|
| 040 |
|
|
|a RVGKPD
|b slo
|c RVGKPD
|e AACR2
|
| 041 |
0 |
|
|a slo
|
| 044 |
|
|
|a xo
|c SK
|
| 080 |
|
|
|a 676.2
|2 1981
|
| 100 |
0 |
|
|a (hor)
|4 aut
|9 839161
|
| 245 |
1 |
0 |
|a Zošitov bude dosť
|b Školáci, netešte sa
|
| 500 |
|
|
|a informácie
|
| 610 |
2 |
7 |
|a Slavošovské papierne (Slavošovce, Slovensko)
|2 RVGKPD
|9 58596
|
| 650 |
0 |
7 |
|a produkcia
|2 RVGKPD
|9 380689
|
| 650 |
0 |
7 |
|a odbyt
|2 RVGKPD
|9 375604
|
| 651 |
|
7 |
|a Slavošovce (Slovensko)
|2 RVGKPD
|9 28955
|
| 655 |
|
7 |
|a periodikum
|2 snkbucl
|9 29553
|
| 710 |
2 |
|
|a Slavošovské papierne (Slavošovce, Slovensko)
|4 aut
|9 58596
|
| 773 |
0 |
8 |
|t Lúč
|g Roč. 4, č.185, 10.8.1995, s. 2
|
| 852 |
|
|
|a ZVYKNI
|b KIS3GCP
|
| 999 |
|
|
|c 3242721
|d 3244651
|